000 01134nam a2200313 i 4500
003 EG-GICUC
005 20260218094345.0
008 260112s1979 ua |||fr|||| 00| 0 ara d
040 _a EG-GICUC
_bara
_c EG-GICUC
_d EG-GICUC
_erda
041 0 _aara
082 0 4 _221
_a343.2
_bف و . ش
092 0 4 _221
099 _aLaw1 10 343.2 ف و . ش 1979
100 0 _aفوزية عبدالستار
_eمؤلف.
245 1 0 _aشرح قانون العقوبات القسم الخاص/
_cتأليف الدكتورة فوزية عبدالستار.
264 1 _aالقاهرة :
_bدار النهضة العربية،
_c1979.
264 3 _bمطبعة جامعة القاهرة
300 _a268 صفحة ؛
_c24 سم.
336 _2rda content
_atext
337 _2rda media
_aComputer
338 _2rda carrier
_aOnline Resource
546 _aالنص باللغة العربية
650 1 _aقانون العقوبات - القسم الخاص
_2qrmak
650 1 _aالقانون الجنائي
_2qrmak
651 1 _2qrmak
856 4 0 _uhttp//193.227.11.172:8080/bks/B10-07715.pdf
905 _a54
942 _2ddc
_cBK
_e21
_n0
999 _c56651
_d56651